LEADER 01978oam 2200565 450 001 9910706812903321 005 20180320100916.0 035 $a(CKB)5470000002459343 035 $a(OCoLC)896810550 035 $a(OCoLC)995470000002459343 035 $a(EXLCZ)995470000002459343 100 $a20141123d1979 ua 0 101 0 $aeng 135 $aurmn||||||||| 181 $ctxt$2rdacontent 182 $cc$2rdamedia 183 $acr$2rdacarrier 200 10$aMonazite in the granitic rocks of the southeastern Atlantic States $ean example of the use of heavy minerals in geologic exploration /$fby John B. Mertie, Jr 210 1$aWashington :$cUnited States Department of the Interior, Geological Survey,$d1979. 215 $a1 online resource (iv, 79 pages) $cillustrations, maps +$e1 plate 225 1 $aGeological Survey professional paper ;$v1094 300 $aTitle from title screen (viewed October 6, 2014). 300 $a"Concentrates panned from saprolite used to interpret origin of granite." 320 $aIncludes bibliographical references (pages 75-79). 517 $aMonazite in the granitic rocks of the southeastern Atlantic States 606 $aGranite$zSouthern States 606 $aHeavy minerals$zSouthern States 606 $aMonazite$zSouthern States 606 $aGranite$2fast 606 $aHeavy minerals$2fast 606 $aMonazite$2fast 607 $aSouthern States$2fast 615 0$aGranite 615 0$aHeavy minerals 615 0$aMonazite 615 7$aGranite. 615 7$aHeavy minerals. 615 7$aMonazite. 700 $aMertie$b John Beaver$f1888-1980,$01386509 712 02$aGeological Survey (U.S.), 801 0$bCOP 801 1$bCOP 801 2$bOCLCO 801 2$bOCLCF 801 2$bOCLCA 801 2$bGPO 906 $aBOOK 912 $a9910706812903321 996 $aMonazite in the granitic rocks of the southeastern Atlantic States$93468121 997 $aUNINA LEADER 03457nam 22005175 450 001 9910367249103321 005 20251116220406.0 010 $a3-658-27585-5 024 7 $a10.1007/978-3-658-27585-3 035 $a(CKB)4100000009606099 035 $a(MiAaPQ)EBC5967237 035 $a(DE-He213)978-3-658-27585-3 035 $a(PPN)248600850 035 $a(EXLCZ)994100000009606099 100 $a20191022d2020 u| 0 101 0 $aeng 135 $aurcnu|||||||| 181 $ctxt$2rdacontent 182 $cc$2rdamedia 183 $acr$2rdacarrier 200 10$aAdvanced Operations $eBest Practices for the Focused Establishment of Transformational Business Models /$fby Thomas Kaiser, Oliver D. Doleski 205 $a1st ed. 2020. 210 1$aWiesbaden :$cSpringer Fachmedien Wiesbaden :$cImprint: Springer Vieweg,$d2020. 215 $a1 online resource (xii, 46 pages) $cillustrations 311 08$a3-658-27584-7 320 $aIncludes bibliographical references. 327 $aTarget Scenarios for Digitalization -- Development and Management of the Digital Use Cases -- Implementation-related Success Factors -- The "Advanced Operations" Transformation-capable Business Model. 330 $aIn this book, Thomas Kaiser and Oliver D. Doleski present a practical management method for the realization of data technology innovations (advanced analytics) as well as a procedure based on this method for the corresponding transformation of business models ? which is the pathway to advanced operations. The authors provide assistance with the careful combination of use cases to achieve holistic business objectives. According to this approach, strategic options, structures and methods should accompany the phase of an early transformation. This calls for a system of business model innovation under the perspective of implementing such an Advanced Operations as introduced by this book. Contents ? Target Scenarios for Digitalization ? Development and Management of the Digital Use Cases ? Implementation-related Success Factors ? The "Advanced Operations" Transformation-capable Business Model Target Groups ? Specialist and management personnel working in the fields of business development and digitalization plus practitioners and consultants concerned with strategic management and business model innovation ? Lecturers and students specializing in economics or IT The Authors Dr. Thomas Kaiser serves as Senior Vice President for Siemens IoT Consulting Group headquartered in Munich, Germany. Oliver D. Doleski is a management consultant as well as the publisher and author of numerous specialist publications. 606 $aLeadership 606 $aEntrepreneurship 606 $aBusiness Strategy/Leadership$3https://scigraph.springernature.com/ontologies/product-market-codes/515010 606 $aEntrepreneurship$3https://scigraph.springernature.com/ontologies/product-market-codes/514000 615 0$aLeadership. 615 0$aEntrepreneurship. 615 14$aBusiness Strategy/Leadership. 615 24$aEntrepreneurship. 676 $a658.4034 700 $aKaiser$b Thomas$4aut$4http://id.loc.gov/vocabulary/relators/aut$0892273 702 $aDoleski$b Oliver D.$4aut$4http://id.loc.gov/vocabulary/relators/aut 801 0$bMiAaPQ 801 1$bMiAaPQ 801 2$bMiAaPQ 906 $aBOOK 912 $a9910367249103321 996 $aAdvanced Operations$91992482 997 $aUNINA